12千葉県の市区町村 - Statistics

General Stats
  • This quiz has been taken 516 times
    511 since last reset
  • The average score is 37 of 59
Answer Stats
Answer % Correct
市川市
93%
船橋市
93%
成田市
92%
柏市
91%
銚子市
90%
木更津市
90%
松戸市
89%
千葉市中央区
85%
野田市
85%
浦安市
85%
市原市
84%
館山市
82%
習志野市
82%
我孫子市
82%
君津市
79%
千葉市緑区
77%
千葉市美浜区
77%
佐倉市
77%
流山市
76%
鴨川市
76%
鎌ケ谷市
75%
南房総市
75%
千葉市花見川区
73%
千葉市稲毛区
73%
勝浦市
73%
四街道市
73%
旭市
70%
八千代市
69%
富津市
69%
袖ケ浦市
69%
印西市
69%
香取市
69%
大網白里市
69%
東金市
68%
茂原市
67%
八街市
66%
匝瑳市
66%
いすみ市
63%
白井市
61%
千葉市若葉区
59%
山武市
55%
富里市
50%
長生郡長生村
39%
印旛郡栄町
35%
夷隅郡大多喜町
35%
印旛郡酒々井町
34%
長生郡一宮町
34%
安房郡鋸南町
33%
長生郡白子町
31%
夷隅郡御宿町
31%
香取郡多古町
30%
香取郡東庄町
30%
香取郡神崎町
29%
長生郡長柄町
29%
山武郡九十九里町
28%
山武郡横芝光町
28%
長生郡長南町
28%
山武郡芝山町
27%
長生郡睦沢町
26%
No matching quizzes found
Score Distribution
Percent of People with Each Score
Percentile by Number Answered
Your Score History
You have not taken this quiz since the last reset